000 00997nam a2200253 i 4500
001 12677
003 ES-MaACL
005 20250828094147.0
007 t|
008 921020s1989 sp ||||0| spa d
016 7 _zCHM920007425
040 _aCHM
_bspa
_cCHM
080 _a930.255(460.25)
100 1 _aEspaña Fuentes, Rafael.
_947760
245 1 4 _aLos archivos municipales de Extremadura
_b: (una experiencia de inventariado y catalogación, 1984/1988) /
_cRafael España Fuentes, Senador Fuentes Morcillo, Román Hernández Nieves.
260 _aMérida :
_bCentro Regional de la UNED en Extremadura,
_cD.L. 1989.
300 _a152 p ;
_c22 cm.
650 1 4 _aArchivos municipales-
_zExtremadura.
_99959
700 1 _aFuentes Morcillo, Senador.
_952936
700 1 _aHernández Nieves, Román.
_963006
710 2 _aUniversidad Nacional de Educación a Distancia (España).
_bCentro Regional de Extremadura
_97412
852 _aES-MaACL
_jL-20078
_bR.118328
999 _c12677
_d12677